000 03911namaa22004211i 4500
003 OSt
005 20260113111945.0
008 250827s2024 ua a|||frm||| 000 0 eng d
040 _aEG-GICUC
_bara
_cEG-GICUC
_dEG-GICUC
_erda
041 0 _aara
_bara
_beng
049 _aإيداع
082 0 4 _a659.2
092 _a659.2
_221
097 _aدكتوراه‎
099 _aCai01.15.03.Ph.D.2024.إس.د
100 0 _a،إسلام محمد فتحي أحمد الشيوي
_eإعداد.
245 1 0 _aدور العلاقات العامّة في المؤسّسات النسائية في تعزيز تمكين المرأة الإماراتية ودعم مشاركتها المجتمعية /
_cإعداد إسلام محمد فتحي أحمد الشيوي؛ إشراف أ.د/ محمود يوسف، أ.د/ أحمد خطاب.
246 1 5 _aThe role of public relations in women's institutions in enhancing the community participation of united united arab emirates women /
264 0 _c2024.
300 _a294 ورقة :
_bإيضاحيات ؛
_c30 cm. +
_eCD.
336 _atext
_2rda content
337 _aUnmediated
_2rdamedia
338 _avolume
_2rdacarrier
502 _aأطروحة (دكتوراه)-جامعة القاهرة، 2024.
504 _aببليوجرافيا: صفحات 231-246.
520 _aالهدف من الدراسة تتقييم دور العلاقات العامة في المؤسسات النسائية في تعزيز المشاركة المجتمعية للمرأة الإماراتية. وقد اشتملت الدراسة على: مقابلات متعمقة، ودراسة ميدانية باستمارة الاستبيان على عينة عشوائية قوامها ٤٠٠ مفردة من الجنسين واستمارة الاستبيان لعينة عشوائية قوامها 100 مفردة من القائمين بالاتصال التفاعلي ودراسة تحليلية للمواقع الإلكترونية والصفحات الرسمية عبر مواقع التواصل الإجتماعي والتي تتبع الجمعيات والهيئات النسائية العاملة داخل الامارات العربية المتحدة.وأشارت النتائج إلى وجود تأثير ذو دلالة إحصائية لمدى كفاءة وتنويع أساليب وتركيز الجهود الاتصالية التفاعلية للعلاقات العامة في المؤسسات النسائية في تعزيز المشاركة المجتمعية للمرأة الإماراتية.
520 _aThe objective of the study is to evaluate the role of public relations in women's institutions in enhancing the community participation of Emirati women The study included: in-depth interviews, study with a questionnaire form on a random sample of 400 individuals, and a questionnaire form on a random sample of 100 individuals who engage in interactive communication with sectors, and an analytical study of the official websites and pages on social networking sites. Results indicated the efficiency of communication in enhancing the community participation of Emirati women.
530 _aصدر أيضًا كقرص مدمج.
546 _aالنص بالعربية والملخص باللغة الإنجليزية والعربية.
650 7 _aالعلاقات العامّة
_2qrmak
653 0 _aالعلاقات العامّة
_aالمؤسّسات النسائية
_aالمشاركة المجتمعية
700 0 _aمحمود يوسف
_eمشرف أطروحة.
700 0 _aأحمد خطاب
_eمشرف أطروحة.
900 _b03-11-2024
_cمحمود يوسف
_cأحمد خطاب
_dأماني ألبرت
_dنرمين علي عجوة
_Uجامعة القاهرة
_Fكلية الإعلام
_Dقسم العلاقات العامّة
905 _aSara
_eAfaf
942 _2ddc
_cTH
_e21
_n0
999 _c177135